Solar energy technology advances (Record no. 58414)
[ view plain ]
| 000 -LEADER | |
|---|---|
| fixed length control field | 01171nam a2200313 a 4500 |
| 082 04 - DEWEY DECIMAL CLASSIFICATION NUMBER | |
| Classification number | 621.47 |
| 100 1# - MAIN ENTRY--AUTHOR NAME | |
| Personal name | Tiwari, G. N. |
| 245 10 - TITLE STATEMENT | |
| Title | Solar energy technology advances |
| 260 ## - PUBLICATION, DISTRIBUTION, ETC. (IMPRINT) | |
| Place of publication | New York : |
| Name of publisher | Nova Science Publishers, Inc., |
| Year of publication | 2006. |
| 300 ## - PHYSICAL DESCRIPTION | |
| Number of Pages | 138 p. : |
| Other physical details | ill. |
| 490 1# - SERIES STATEMENT | |
| Series statement | Novinka |
| 650 #0 - SUBJECT ADDED ENTRY--TOPICAL TERM | |
| Topical Term | Solar energy |
| 856 40 - ELECTRONIC LOCATION AND ACCESS | |
| Uniform Resource Identifier | http://site.ebrary.com/lib/rucke/Doc?id=10676613 |
No items available.
